| 000 | 01824nam0a2200409 4500 | ||
|---|---|---|---|
| 001 | RU\NLR\bibl\437605 | ||
| 005 | 20250623174025.0 | ||
| 010 |
_a5-9511-0014-3 _93000 |
||
| 021 |
_aRU _b2003-35354 _91677 |
||
| 035 | _a(NLR Aleph) 000431385 | ||
| 090 |
_a756563 _c756563 |
||
| 100 | _a20030908d2002 |||y0rusy50 ca | ||
| 101 | 0 | _arus | |
| 102 | _aRU | ||
| 105 | _aa ||||||||| | ||
| 200 | 1 |
_aМетоды теории функций комплексного переменного _e[Учеб. пособие] _fМ.А. Лаврентьев, Б.В. Шабат |
|
| 205 | _a6-е изд., стер. | ||
| 210 |
_aМ. _cЛань _d2002 |
||
| 215 |
_a688 с. _cил. _d22 |
||
| 225 | 1 | _aУчебники для вузов. Специальная литература | |
| 320 | _aБиблиогр.: с. 681-684 | ||
| 320 | _aПредм. указ.: с. 685-688 | ||
| 606 | 0 |
_aФункции комплексного переменного _jРуководства, пособия и т.п. для высшей школы _xТеория _91882510 _3RU\NLR\auth\661145985 |
|
| 606 | 0 |
_aФункций комплексного переменного теория _jУчебные издания для высших учебных заведений _92188991 _3RU\NLR\auth\661315954 |
|
| 610 | 0 | _aФункции (мат.) комплексного переменного | |
| 675 |
_a517.54(075.8) _v3 _zrus |
||
| 686 |
_a27.23 _2rugasnti |
||
| 686 |
_a22.161.5я73 _2rubbk |
||
| 686 | _aВ161.5я73-1 | ||
| 700 | 1 |
_aЛаврентьев _bМ. А. _gМихаил Алексеевич _4070 |
|
| 701 | 1 |
_aШабат _bБ. В. _gБорис Владимирович _4070 |
|
| 801 | 0 |
_aRU _bRKP _c20030908 _gPSBO |
|
| 801 | 1 |
_aRU _bRKP _c20030908 |
|
| 801 | 2 |
_aRU _bNLR _c20031027 _grcr |
|
| 942 | _cBOOK | ||
| 980 | _aNB | ||